| 000 | 00848 a2200217 4500 | ||
|---|---|---|---|
| 008 | 080822t xxu||||| |||| 00| 0 eng d | ||
| 010 | _aENG-85096 | ||
| 020 |
_a8188689319 _c475.00 |
||
| 035 | _aEN-68629 | ||
| 037 | _bD.B.Act / Pub | ||
| 082 | _a621.3824 | ||
| 100 | _aKildal, Per Simron | ||
| 245 |
_afoundations of antennas _ba uniter approach _cby Per Simron Kildal |
||
| 260 |
_aNew Delhi _bOverseas Press India _c2006 |
||
| 270 |
_a7/28, Ansari Road, Darya Ganj _bNew Delhi _e110 002 _moverseas@de13.vsnl.nic.in |
||
| 300 |
_axv,395p. + C.D-Rom _b22cm.(Pbk) |
||
| 500 | _aincludes index | ||
| 710 | _b. | ||
| 942 |
_adpl _cEN _k621.3824 / KIL _2ddc _h621.3824 _mKIL |
||
| 999 |
_c1340 _d1340 |
||